000 00865nam a2200265 a 4500
001 55926
003 BD-RjUL
005 20211209080331.0
008 161123r19591956enkab b 001 0 eng d
035 _a(BD-RjUL)56050
040 _aTXA
_cTXA
_dEQO
_dBD-RjUL
_beng
041 _aeng
082 _223
_a704.948940954
_bROA 1959
100 1 _aRowland, Benjamin,
_d1904-1972.
_9166487
245 1 4 _aThe art and architecture of India:
_b Buddhist, Hindu, Jain /
_cBenjamin Rowland.
250 _a2nd ed.
260 _aLondon ;
_aBaltimore] :
_bPenguin,
_c1956 [reprinted 1959]
300 _axvii, 288 +190 p :
_bill ;
_c27 cm.
490 1 _aPelican history of art,
_vZ 2
504 _aBibliography: p. 275-280 and index
650 0 _aArt, Indic.
_9166488
650 0 _aArchitecture, Indic.
_9166489
830 0 _aPelican history of art,
_vZ 2
_9235569
942 _2ddc
_cBK
999 _c55926
_d55926